000 00194nam a22000977a 4500
999 _c533549
_d533549
040 _cdlc
082 _a813.52
100 _aHoward Fast
_927491
245 _aThe Dinner Party
942 _2ddc
_cBK